| 000 | 01073nam a22003257a 4500 | ||
|---|---|---|---|
| 003 | CHAP | ||
| 005 | 20220329143350.0 | ||
| 008 | 081226s1999 co a r 00010 spa d | ||
| 010 | _a95566 | ||
| 011 | _a96538 | ||
| 020 | _a9710150464X | ||
| 035 | _a107192 | ||
| 040 | _cCHAP | ||
| 082 | 0 | 4 |
_a621.5 _bG94 |
| 100 | 1 |
_aGuillén Salvador, Antonio. _951407 |
|
| 245 | 1 | 0 |
_aIntroducción a la neumática _c/por Antonio Guillén Salvador |
| 260 |
_aSantafé de Bogotá : _bAlfaomega, _c1999 |
||
| 300 |
_a156 p. : _bilus. |
||
| 490 | 0 |
_aProdúctica _v; 11 |
|
| 590 |
_aBATCH-UPD _b10 _c20130110 _lUCH01 _h0456 |
||
| 590 |
_aBATCH-UPD _b10 _c20130410 _lUCH01 _h0133 |
||
| 590 |
_aBATCH-UPD _b10 _c20130914 _lUCH01 _h1556 |
||
| 590 |
_aCONVERSION _b10 _c20130109 _lUCH01 _h1353 |
||
| 650 | 0 | 4 |
_aNeumática. _980940 |
| 830 | 0 |
_aProdúctica _v; 11 _991857 |
|
| 901 | _aBK | ||
| 942 | _cLIBRO | ||
| 949 |
_a621.5 G94 _bBC _cLIBRO _d33724002075520 _eLIBRO _gI:c/e _h110202 _i107192 _sb _t$178.00 |
||
| 949 |
_a621.5 G94 _bBC _cLIBRO _d33724002075561 _eLIBRO _fc.2 _gI.c/e _h110203 _i107192 _st _t$178.00 |
||
| 999 |
_c95566 _d95566 |
||